[Event "182nd Stay Safe Play From Home series"]
[Site "T#646404Emanuel Laske"]
[Date "2020.05.28"]
[Round "9"]
[White "SecantFX"]
[Black "Trotsky"]
[Result "1-0"]
[WhiteElo "1917"]
[BlackElo "1567"]
[Annotator "NA"]
[PlyCount "73"]
[EventDate "2020.05.28"]
[EventType "swiss (blitz)"]

1. g3 {[%emt 0:00:01]} d5 {[%emt 0:00:02]} 2. Bg2 {[%emt 0:00:00]} c5 {[%emt 0:00:01]} 3. f4 {[%emt 0:00:00]} Nf6 {[%emt 0:00:01]} 4. e4 {[%emt 0:00:01]} e6 {[%emt 0:00:00]} 5. exd5 {[%emt 0:00:01]} exd5 {[%emt 0:00:01]} 6. Bxd5 {[%emt 0:00:01]} Qxd5 {[%emt 0:00:02]} 7. Nf3 {[%emt 0:00:00]} Nc6 {[%emt 0:00:01]} 8. O-O {[%emt 0:00:00]} Qd7 {[%emt 0:00:02]} 9. Re1+ {[%emt 0:00:01]} Be7 {[%emt 0:00:01]} 10. Qe2 {[%emt 0:00:00]} Qc7 {[%emt 0:00:02]} 11. Ne5 {[%emt 0:00:00]} Be6 {[%emt 0:00:02]} 12. Nxc6 {[%emt 0:00:02]} bxc6 {[%emt 0:00:01]} 13. Nc3 {[%emt 0:00:02]} O-O-O {[%emt 0:00:02]} 14. d3 {[%emt 0:00:01]} h5 {[%emt 0:00:02]} 15. h4 {[%emt 0:00:02]} Bd6 {[%emt 0:00:01]} 16. Ne4 {[%emt 0:00:01]} Ng4 {[%emt 0:00:01]} 17. Ng5 {[%emt 0:00:03]} Bd5 {[%emt 0:00:02]} 18. Bd2 {[%emt 0:00:04]} f6 {[%emt 0:00:01]} 19. Ne6 {[%emt 0:00:02]} Bxe6 {[%emt 0:00:02]} 20. Qxe6+ {[%emt 0:00:01]} Kb8 {[%emt 0:00:01]} 21. Qb3+ {[%emt 0:00:01]} Ka8 {[%emt 0:00:01]} 22. Qa4 {[%emt 0:00:03]} g5 {[%emt 0:00:01]} 23. fxg5 {[%emt 0:00:01]} Bxg3 {[%emt 0:00:01]} 24. Re4 {[%emt 0:00:05]} Bh2+ {[%emt 0:00:04]} 25. Kh1 {[%emt 0:00:04]} Nf2+ {[%emt 0:00:04]} 26. Kg2 {[%emt 0:00:03]} Qg3+ {[%emt 0:00:01]} 27. Kf1 {[%emt 0:00:01]} Nxe4 {[%emt 0:00:08]} 28. Qxc6+ {[%emt 0:00:01]} Kb8 {[%emt 0:00:02]} 29. Qxe4 {[%emt 0:00:00]} Qg1+ {[%emt 0:00:01]} 30. Ke2 {[%emt 0:00:01]} Rde8 {[%emt 0:00:01]} 31. Bf4+ {[%emt 0:00:02]} Kc8 {[%emt 0:00:02]} 32. Rxg1 {[%emt 0:00:01]} Rxe4+ {[%emt 0:00:01]} 33. dxe4 {[%emt 0:00:03]} Bxf4 {[%emt 0:00:01]} 34. Kf3 {[%emt 0:00:01]} Be5 {[%emt 0:00:01]} 35. gxf6 {[%emt 0:00:01]} Rf8 {[%emt 0:00:01]} 36. Rg6 {[%emt 0:00:01]} Bxf6 {[%emt 0:00:01]} 37. Rxf6 {[%emt 0:00:00] Âðåìÿ ' (Lag: Av=0.29s, max=0.4s)} 1-0